000 01273nam a22003014a 4500
001 ebr10265305
003 CaPaEBR
006 m u
007 cr cn|||||||||
008 030225s2003 nyua sb 001 0 eng
020 _z0826117147
040 _aCaPaEBR
_cCaPaEBR
035 _a(OCoLC)298950509
050 1 4 _aRT86
_b.C573 2003eb
082 0 4 _a610.73/01/9
_221
100 1 _aClark, Carolyn Chambers.
245 1 0 _aHolistic assertiveness skills for nurses
_h[electronic resource] :
_bempower yourself and others /
_cCarolyn Chambers Clark.
260 _aNew York :
_bSpringer Pub.,
_cc2003.
300 _axix, 223 p. :
_bill.
504 _aIncludes bibliographical references and index.
533 _aElectronic reproduction.
_bPalo Alto, Calif. :
_cebrary,
_d2013.
_nAvailable via World Wide Web.
_nAccess may be limited to ebrary affiliated libraries.
650 0 _aNursing
_xPsychological aspects
_vProblems, exercises, etc.
650 0 _aHolistic nursing
_vProblems, exercises, etc.
650 0 _aAssertiveness (Psychology)
_vProblems, exercises, etc.
655 7 _aElectronic books.
_2local
710 2 _aebrary, Inc.
856 4 0 _uhttp://site.ebrary.com/lib/rucke/Doc?id=10265305
_zAn electronic book accessible through the World Wide Web; click to view
999 _c9866
_d9866